| 000 | 00370nam a22001217a 4500 | ||
|---|---|---|---|
| 082 | _aTHE 200 | ||
| 100 |
_aM ARSALAN JAHANGIR, _972766 |
||
| 245 | _aTH-SOF-0728-FINITE ELEMENT ANALYSIS OF PLLA CARDIOVASCULAR COILED STENT | ||
| 260 |
_aNUST COLLEGE OF EME _bISLAMABAD _c2001 |
||
| 650 |
_aMS-MECH-56 MSTHESIS _972767 |
||
| 700 |
_a DR MUHAMMAD SHAHID _916160 |
||
| 942 | _cBK | ||
| 999 |
_c578746 _d578746 |
||